Statistics for Guess the ant!!

Click here to take the quiz!

General Stats

  • This quiz has been taken 6 times
  • The average score is 9 of 16

Answer Stats

Answer% Correct
Black Garden Ant
100%
Fire Ant
100%
Honeypot Ant
100%
Weaver Ant
100%
Bullet Ant
75%
Carpenter Ant
75%
Trapjaw Ant
75%
Dracula Ant
50%
Leafcutter Ant
50%
Yellow Crazy Ant
50%
Banded Sugar Ant
25%
Dinosaur Ant
25%
Giant Forest Ant
25%
Pharaoh Ant
25%
Raspberry Crazy Ant
25%
Titan Ant/Titanomyrma
25%

Score Distribution

Percentile by Number Answered

Percent of People with Each Score

Your Score History

You have not taken this quiz